000 00476nam a2200181Ia 4500
008 090123s9999 xx 000 0 und d
082 _b3734
100 _aजडभरत
245 _aआ डरु इ उरु
250 _a1
260 _bमनोहर प्रकाशन
_c1974
300 _a222
600 _aजडभरत
630 _aआ डरु इ उरु
700 _aजडभरत
730 _aआ डरु इ उरु
942 _cBOOK
999 _c41813
_d41813